000 02306nam a2200289 a 4500
001 000015260
005 20250714091949.0
008 100203k19751978sp a 000 0 spa d
020 _a8433600710
040 _aDO-SdBNP
_bspa
_cBNPHU
082 _a335.43
_bL566ó
100 1 _aLenin, Vladimir Il'ich,
_d1870-1924
_934524
245 1 0 _aObras completas /
_cV. I. Lenin.
260 _aMadrid :
_bAkal,
_c1975-1978.
300 _av. :
_bil. ;
_c21 cm.
500 _aLa biblioteca posee los volúmenes del 4 al 39
504 _aIncluye referencias bibliográficas
505 0 _gv. 4.
_t1898 - abril de 1901 --
_gv. 5.
_tMayo 1901 - febrero 1902 --
_gv. 6.
_tEnero de 1902 - agosto de 1903 --
_gv. 7.
_tSeptiembre de 1903 - diciembre de 1904 --
_gv. 8.
_tEnero - julio de 1905 --
_gv. 9.
_tJunio - Noviembre 1905 --
_gv. 10.
_tNoviembre de 1905 - junio de 1906 --
_gv. 11.
_tJunio de 1906 - enero de 1907 --
505 0 _gv. 12.
_tEnero - junio de 1907 --
_gV. 13.
_tJunio 1907 - abril 1908 --
_gv. 14.
_tMaterialismo y empiriocriticismo --
_gv. 15.
_tAbril de 1908 - junio de 1909 --
_gv. 16.
_tSeptiembre de 1909 - fines de 1910 --
_gv. 17.
_tDiciembre de 1910 - marzo de 1912 --
_gv. 18.
_tMarzo de 1912 - noviembre 1912 --
_gv. 19.
_tNoviembre 1912 - julio 1913 --
_gv. 20.
_tJulio de 1913 - febrero de 1914 --
_gv. 21.
_tFebrero a junio de 1914 --
_gv. 22.
_tJunio de 1914 - septiembre de 1915 --
_gv. 23.
_tSeptiembre de 1915 - julio de 1916.
505 0 _gv. 24.
_tAgosto de 1916 - mayo de 1917 --
_gv. 25.
_tAbril - mayo de 1917 --
_gv. 26
_tMayo - septiembre de 1917 --
_gv. 27.
_tSeptiembre a noviembre de 1917 --
_gv. 28.
_tDiciembre de 1917- marzo de 1918 --
_gv. 29.
_tAbril a noviembre de 1918 --
_gv. 30.
_tNoviembre de 1918 - marzo de 1919 --
_gv. 31.
_tMarzo - septiembre de 1919 --
_gv. 32.
_tSeptiembre de 1919 - marzo de 1920 --
_gv. 33.
_tMarzo - octubre de 1920. --
_gv. 34.
_tOctubre de 1920 - marzo de 1921 --
_gv. 35.
_tMarzo - noviembre de 1921 --
_gv. 36.
_tNoviembre de 1921 - marzo de 1923 --
_gv. 37.
_tNoviembre de 1897 - julio de 1904 --
_gv. 38.
_tAgosto de 1904 - noviembre de 1912 --
_gv. 39.
_tNoviembre de 1912 - diciembre de 1916.
600 1 0 _aLENIN, VLADIMIR IL'ICH,
_d1870-1924
_934525
650 4 _aComunismo
_92880
650 0 _aSocialismo
_9287
650 0 _aProletariado
_921172
650 0 _aCapitalismo
_9280
910 _aWM
999 _c14827
_d14827